000 00610cam a22002171 4500
001 sa 65005751
003 DLC
005 20260227112139.0
008 890403s1960 xx 000 0 maro
010 _asa 65005751
035 _a(OCoLC)23560989
040 _aDLC
_cMiU
_dDLC
042 _apremarc
050 0 0 _aDS479.1.R3
_bT5
100 1 _aTilak, Devdatt Narayan,
_d1891-
245 1 0 _aMahārāshṭrācī tejasvinī Paṇḍitā Ramābāī.
260 _c[1960]
300 _a16, 500 p.
_billus., facsims., ports.
_c22 cm.
500 _aRomanized.
600 0 0 _aRamabai Sarasvati,
_cPandita,
_d1858-1922
999 _c64397
_d64397